000 00998nam a2200241Ia 4500
003 Ost
005 20260507075050.0
008 260507s9999||||xx |||||||||||||| ||und||
020 _a9771992252
040 _cfsecg
041 _aara
082 _a330
100 _aأحمد، آدم مهدي
_eمؤلف
245 0 _aالدليل لدراسات الجدوى الاقتصادية /
_c آدم مهدي أحمد
260 _aالقاهرة:
_bالشركة العالمية للطباعة والنشر,
_c1999
300 _a111 صفحة؛
_bإيضاحات ؛
_c24 سم
504 _aالملاحق و المراجع
520 _aدراسة الجدوى الاقتصادية- مراحل اعداد دراسة الجدوى- الدراسة التسويقية- الدراسة الفنية - طرق تقييم المشروعات
653 _aالتخطيط الإقتصادي
653 _aدراسة الجدوى
653 _aدراسة الجدوى- المشروعات
942 _cكتاب
999 _c42637
_d42637